| 000 | 00546nam a22001937a 4500 | ||
|---|---|---|---|
| 003 | KOHA_MİRAKIL | ||
| 005 | 20250926140304.0 | ||
| 008 | 250926b tu ||||| |||| 00| 0 tur d | ||
| 020 | _a9786052070512 | ||
| 040 |
_aTR-AnABB _btur _cTR-AnABB |
||
| 041 | _atur | ||
| 082 |
_a398.2 _bDED 2018 |
||
| 100 | 1 | _aGökyay, Orhan Şaik, | |
| 245 | 1 | 0 |
_aDede Korkut hikayeleri _cOrhan Şaik Gökyay |
| 260 |
_aİstanbul : _bYeditepe Yayınevi, _c2018 |
||
| 300 |
_a232 sayfa ; _c21 cm |
||
| 650 | 0 | 0 | _aHalk edebiyatı, hikaye |
| 942 |
_2ddc _cBK |
||
| 999 |
_c8925 _d8925 |
||
| 900 | _bGizem YORULMAZ | ||